00808nam a2200193 i 450000100060000000300090000600500170001500700030003200800410003510000200007624501630009626001040025930000300036353000350039365000250042870000510045385200210050485600890052520708ES-MaACL20230906152341.0t|021118s1887 sp a d |||| | spa d1 aAdeline, Jules.10aVocabulario de términos de arte / cescrito en francés por J. Adeline ; traducido, aumentado con más de 600 voces y anotado por José Ramón Mélida. aMadrid : bLa Ilustración Española y Americana, c1887 (fEstab. Tip. Sucesores de Rivadeneyra) a527 p. : bil. ; c21 cm. aDisponible en formato digital. 4aArte-vDiccionarios.1 aMélida y Alinari, José Ramón,d1856-1933 aES-MaACLjB-3028 uhttp://bdh-rd.bne.es/viewer.vm?id=0000201858&page=1 zBiblioteca Digital Hispánica